000 00743nam a22002297a 4500
005 20170124110238.0
010 _aB-181251
020 _c395.00
_a8188340103
035 _aB-181251
037 _bCen Lib/Ret
040 _aDPL
_bEN
082 _a305.56
_bRAM
100 _aRam Samujh
_991109
245 _aReservation policy :
_cby Ram Samujh
_bits relevence in modern India /
260 _aMumbai
_bSamrudh Bharat Publications
_c2005
270 _aB-6, Shalimar Apt. WE. Highway Santacruz
_bMumbai
_e400055
300 _a411p.
_c21cm(Hb)
500 _aIncludes bibliographical references
650 _aReservation policy--India
_991110
650 _aSonstitution - India
_991111
942 _2ddc
_cEN
_h305.56
_mRAM
999 _c134999
_d134999